000 00451nam a2200157 i 4500
001 71515
003 ES-MaACL
005 20230906171143.0
007 t|
008 040812s1972 sp ||||1| spa d
245 0 0 _aGenios
_b: Goya, Napoleón, Washington, Cervantes, Colón.
260 _aBarcelona :
_bRamón Sopena,
_c[1972]
300 _a708 p., 5 lám. :
_bil. ;
_c21 cm.
650 4 _aBiografías.
_910574
852 _aES-MaACL
_jC-42633
_bR.81293
999 _c71515
_d71515